The concept of education
Αποθηκεύτηκε σε:
| Άλλοι συγγραφείς: | |
|---|---|
| Μορφή: | Βιβλίο |
| Γλώσσα: | English |
| Δημοσίευση: |
London :
Routledge & Kegan Paul,
1987 repr.
|
| Σειρά: | International library of the philosophy of education
|
| Θέματα: | |
| Ετικέτες: |
Προσθήκη ετικέτας
Δεν υπάρχουν, Καταχωρήστε ετικέτα πρώτοι!
|
MARC
| LEADER | 00000nam a2200000 i 4500 | ||
|---|---|---|---|
| 001 | 1/70452 | ||
| 008 | 960716r19871967 eng d | ||
| 020 | |a 0-7100-7658-4 | ||
| 035 | |a 1988 |b 3 |c Καϊλα |l 10030650 | ||
| 040 | |a GR-MY-UA |b gre |e aacr | ||
| 041 | 0 | |a eng | |
| 082 | 0 | |a 370 | |
| 245 | 1 | 4 | |a The concept of education / |c edited by R. S. Peters |
| 260 | |a London : |b Routledge & Kegan Paul, |c 1987 repr. | ||
| 300 | |a 223 p. | ||
| 490 | 1 | |a International library of the philosophy of education | |
| 504 | |a Includes index | ||
| 650 | 0 | 0 | |a Education. |
| 650 | 0 | 0 | |a Speeches, addresses, etc. |
| 700 | 1 | |a Peters, Richard Stanley |d 1919- |4 edt | |
| 830 | 0 | |a International library of the philosophy of education | |
| 852 | |a INST |b RHODES |e 19960716 |h 370 CON |p 005400008973 |q 005400008973 |t BK |y 0 | ||
| 909 | |a Ρ |b 011800 | ||